|
|
|
|
| LEADER |
00825nam a22001811a 4500 |
| 020 |
|
|
|a 9780706997866
|
| 082 |
|
|
|a 371.27
|b ADE/F
|
| 100 |
|
|
|a Adediran A Taiwo
|9 96440
|
| 245 |
|
|
|a Fundamentals of classroom testing/
|c by Adediran A Taiwo
|
| 260 |
|
|
|a New Delhi:
|b Vikas,
|c 1997.
|
| 300 |
|
|
|a 177p.
|
| 650 |
|
|
|a Teaching Tests
|9 96441
|
| 650 |
|
|
|a Education
|9 96442
|
| 942 |
|
|
|c BK
|
| 999 |
|
|
|c 15202
|d 15202
|
| 952 |
|
|
|0 0
|1 0
|4 0
|6 371_270000000000000_ADE_F
|7 0
|9 21579
|a SSUS
|b SSUS
|d 2015-01-08
|g 60.00
|o 371.27 ADE/F
|p 051725
|r 2015-01-08
|v 0.00
|w 2015-01-08
|y BK
|
| 952 |
|
|
|0 0
|1 0
|4 0
|6 371_270000000000000_ADE_F
|7 0
|9 21580
|a SSUS
|b SSUS
|d 2015-01-08
|g 60.00
|o 371.27 ADE/F
|p 051727
|r 2015-01-08
|v 0.00
|w 2015-01-08
|y BK
|
| 952 |
|
|
|0 0
|1 0
|4 0
|6 371_270000000000000_ADE_F
|7 0
|9 21581
|a SSUS
|b SSUS
|d 2015-01-08
|g 60.00
|o 371.27 ADE/F
|p 007243
|r 2015-01-08
|v 0.00
|w 2015-01-08
|y BK
|